000 00995nam a22003017i 4500
003 DO-SdBNP
005 20230711151817.0
007 ta
008 210311e2020 dr ag||jr|||| 00| j spa d
020 _a978994587714
040 _aDO-SdBNP
_bspa
_cBNPHU
_erda
041 _hspa
082 4 _222
_bN322m
100 1 _aNavarro Galicia, Maritza
_978100
245 1 _aMy hearts beats " pum pum" /
_cMAMARISA ; ilustración Víctor F. Aquino ; traducción Rosalyna
246 1 _aMi corazón hace "pum pum"
264 _aSanto Domingo :
_bLibertad,
_c©2020.
300 _a[27] páginas :
_bIlustraciones, música ;
_c22 cm.
336 _2rdacontent
_atexto
_btxt
337 _2rdamedia
_asin mediación
_bn
338 _2rdacarrier
_avolumen
_bnc
546 _aLibro en español e inglés
590 _aInventariado, 2021/MF
700 1 _aMaritza Navarro Galicia.
_978101
700 1 _aAquino, Víctor F. ,
_eilustraciones
_978102
700 1 _aRosalyna,
_etraductor
_978103
942 _2ddc
_cLF2
999 _c49541
_d49541